000 00645nam a22002297a 4500
001 00028950
005 20260429083346.0
008 260429b ag ||||| |||| 00| 0 spa d
020 _a847583664
040 _aAR-CcCEOS
_bspa
_cAR-CcCEOS
041 _aspa
080 _a94:7(4)
090 _bMAT v.1
100 1 _aMatthew, Donald,
_d1930-
_91150
245 _aEuropa Medieval :
_bRaĆ­ces de la cultura moderna : Volumen I /
_cDonald Matthew
264 _aBarcelona :
_bFolio,
_c1993.
300 _a128 p. ;
_c24x18 cm.
490 _vAtlas culturales del mundo
650 0 _ahistoria
_990
655 0 _aarte
_9138
942 _2udc
_cBK
_n0
999 _c29003
_d29003